| 000 | 00451cam a22001577a 4500 | ||
|---|---|---|---|
| 008 | 180718b2008 xxu||||| |||| 00| 0 eng d | ||
| 020 | _a0195686756 | ||
| 082 | _aT39x54 N232t | ||
| 100 | _aNayyar, Deepak | ||
| 245 |
_aTrade and globalization _cby Deepak Nayyar |
||
| 260 |
_aNew Delhi _bOxford University Press _c2008 |
||
| 300 | _a457p. | ||
| 650 | _aGlobalisation --Economic aspects | ||
| 650 | _aIndia --Commerce | ||
| 650 | _aInternational trade | ||
| 999 |
_c415869 _d415869 |
||